00948 2200301 4500001002100000005001500021035002000036007000300056008004100059020002200100040002200122082001500144084001700159090002000176100003100196245013500227250002600362300003800388650002100426700003300447850001200480264004000492336002100532337003000553338002300583990002000606990002000626INLIS00000000085165820191217021306 a0010-1019000385ta191010s2018 jkia a ind d a978-979-788-498-7 aYOPDYOGbinderda04223a372.21 a372.21 DEW a aPK 372.21 DEW a0 aDewanti NurcahyanieKonsep01aAku anak pintar :bmahir menulis huruf & angka, membaca, berhitung, menggambar /cDewanti Nurcahyani; Ilustrator, Novian Pai Rivai aCetakan I, Maret 2018 a55 halaman :bIlustarasi ;c22 cm 4aPendidikan dasar0 aNovian Pai RivaieIlustrator aYOPDYOG 1aJakarta :bCerdas Interaktif,c2018 2rdacontentateks 2rdamediaatanpa perantara 2rdacarrieravolume a37918-PD/B.2019 a37917-PD/B.2019